00337nam a2200121Ia 4500008004100000041000800041082001200049100001700061245004500078260005500123300003200178365000500210240624s9999 xx 000 0 und d aeng a920 AXE aAXELROD ALAN aELIZABETH I CEO STRATEGIC LESSONS FROM T c2000aUnited State of AmericabPrentice Hall Press axiii, : 274 : p. : cm. ; 21 c